000 00736cam a22002533a 4500
001 10668
003 PGUSA
005 20140828083227.0
008 040101s2004||||xxu|||||s|||||000 | eng d
040 _aPGUSA
_beng
042 _adc
050 4 _aD501
100 1 _aGreenwood, Arthur,
_d1880-1954
245 1 4 _aThe War and Democracy
_h[electronic resource] /
_cArthur Greenwood
260 _bProject Gutenberg,
_c2004
506 _aPublic domain in the USA.
516 _aElectronic text
653 _aWorld War, 1914-1918
653 _aEurope -- Politics and government -- 1871-1918
653 _aNationalism -- Europe
830 0 _aProject Gutenberg
_v10668
856 4 0 _uhttp://www.gutenberg.org/ebooks/10668
942 _cEB
999 _c239923
_d239923